| 000 | 00851nas a2200289 4500 | ||
|---|---|---|---|
| 001 | BR9701988 | ||
| 003 | BR-BrBNA | ||
| 005 | 20231205100140.0 | ||
| 007 | ta | ||
| 008 | 230509b bl.|||p| |||| 00| 00por d | ||
| 040 |
_aBR-BrBNA _bpor _cBiblioteca Nacional de Agricultura |
||
| 041 | _a(Pt) | ||
| 072 | _aL70 | ||
| 100 | 1 | _aRodaski, S. | |
| 100 | 1 | _aMachado, C.G. | |
| 100 | 1 | _aBracarense, A.P. | |
| 100 | 1 | _aSusko, I. | |
| 100 | 1 | _aWouk, A.F.P.F. | |
| 100 | 1 | _aBarreiros Netto, L.J. | |
| 245 | 1 | _aReparacao peritoneal com e sem suturas em caes submetidos a laparotomia mediana | |
| 650 | _aLaparotomia | ||
| 650 | _aSutura | ||
| 650 | _aCao | ||
| 773 | 0 |
_tRevista do Setor de Ciencias Agrarias (Brazil) _xISSN 0100-607X _g(1995), v. 14(1-2) p. 115-120 _wBR9701988 |
|
| 909 |
_a202311 _bLúcia _c55 _dLúcia Elande |
||
| 942 |
_2AGRIS _n0 _cANA |
||
| 999 |
_c154503 _d154503 |
||